00688nam a22001937a 4500003000800000005001700008008004100025020001800066040002800084041000800112082002300120245008900143260005600232300002800288610004900316651003600365651005800401700003500459MIRAKIL20221206163309.0221206b tu ||||| |||| 00| 0 tur d a9786057443915 aTR-AnCHPbturcTR-AnCHP atur a956.1024bL69 2021 aLozan Barış konferansı:bAnavatanın tapusu/cProje tasarım : Ercan Şentürk aAnkara:bAnkara Büyükşehir Belediyesi,c2021. a152 s.:bfotg.;c30 sm. aLozan Barış Antlaşmasıd24 Temmuz 1923 aTürkiyexTarihy20. yüzyıl aTürkiyezLozan Barış Konferansıy24 Temmuz 1923 aŞentürk, ErcanePrj. Tsrm.